000 01323cam a22002414a 4500
005 20250605164047.0
008 250528s ||||||||||||||||||||||||d
035 _a17160
020 _a3274810
040 _aGR-AtMCL
_bgre
_dGR-AtMCL
_eAACR2
245 1 _aEconomics Explained / Second Edition
250 _a2nd
260 _bCollins Educational,
_c1991
300 _a600
520 _aAn accessible yet thoroughly comprehensive course book covering all the essential theories and their applications. Acknowledgements, Introductory Microeconomics, Demand and Supply, The Price System, Demand and Supply Elasticity, Governments and Markets, Introductory Macroeconomics, The Role and Size of Government, The Role and Size of Government, Aggregate Supply and Aggregate Demand, Money and Financial Institutions, Product Markets, Consumer Choice, Businesses and Their Costs, Pricing and Output Decisions in Monopoly, Factor Market, Demand and Supply in the Labor Market, Rent and Interest and Profits, How Income is Distributed, Competition Policy, Industrial Policy, Economic Growth, Economic Development, Dictionary, Index.
700 1 _aMaunder Peter
_93312
700 1 _aMiller Roger Leroy
_93313
700 1 _aMyers Danny
_93314
700 1 _aWall Nancy
_93315
942 _cBK
999 _c2598
_d2598